| 000 | 00545nam a22001937a 4500 | ||
|---|---|---|---|
| 003 | OSt | ||
| 005 | 20250523131429.0 | ||
| 008 | 250519b |||||||| |||| 00| 0 eng d | ||
| 020 | _a9789393885005 | ||
| 040 | _cddc | ||
| 082 | _a611.07 | ||
| 100 | _aPusphalatha M | ||
| 245 |
_aTextbook of Anatomy for Allied Health Sciences & Paramedical Courses _cPusphalatha M; Madhan Krishna E |
||
| 250 | _a1st | ||
| 260 |
_aBangalore _bEmmess Medical Publishers _c2022 |
||
| 650 |
_vOccupational Therapy _xAnatomy |
||
| 942 |
_cBK _2ddc |
||
| 999 |
_c249281 _d249281 |
||